ბათუმის შოთა რუსთაველის სახელმწიფო უნივერსიტეტის ბიბლიოთეკა

მელიორაციულ სამუშაოთა მექანიზაცია (დაშრობითი) (ბიბ.ჩანაწერი № 44395)

000 -LEADER
fixed length control field 00818nam a2200217Ia 4500
001 - CONTROL NUMBER
control field 11160
003 - CONTROL NUMBER IDENTIFIER
control field GE_BSU
008 - FIXED-LENGTH DATA ELEMENTS--GENERAL INFORMATION
fixed length control field 181216s||||||||xx |||||||||||||| ||und||
040 ## - CATALOGING SOURCE
Transcribing agency GE_BSU
080 ## - UNIVERSAL DECIMAL CLASSIFICATION NUMBER
Universal Decimal Classification number 631.6
100 ## - MAIN ENTRY--PERSONAL NAME
Personal name სხრიტლაძე,ს. ფარცვანია,შ.
245 ## - TITLE STATEMENT
Title მელიორაციულ სამუშაოთა მექანიზაცია (დაშრობითი)
245 ## - TITLE STATEMENT
Statement of responsibility, etc. რედ:მ.შუბლაძე
260 ## - PUBLICATION, DISTRIBUTION, ETC.
Place of publication, distribution, etc. თბილისი.
260 ## - PUBLICATION, DISTRIBUTION, ETC.
Name of publisher, distributor, etc. საბჭოთა საქართველო.
260 ## - PUBLICATION, DISTRIBUTION, ETC.
Date of publication, distribution, etc. 1960.
300 ## - PHYSICAL DESCRIPTION
Extent 163გვ;21სმ.
300 ## - PHYSICAL DESCRIPTION
Accompanying material ილ;
653 ## - INDEX TERM--UNCONTROLLED
Uncontrolled term მელიორაციულ სამუშაოთა მექანიზაცია (დაშრობითი)
942 ## - ADDED ENTRY ELEMENTS (KOHA)
Koha item type წიგნი
ეგზემპლარები
Withdrawn status Lost status Damaged status Not for loan Date acquired Barcode Date last seen Price effective from Koha item type
        2018-12-17 19279 2018-12-17 2018-12-17 წიგნი
        2018-12-17 19280 2018-12-17 2018-12-17 წიგნი
        2018-12-17 19281 2018-12-17 2018-12-17 წიგნი